000 00288nam a2200133Ia 4500
008 221030s9999 xx 000 0 und d
041 _aEnglish
082 _a105.23
100 _aShradha Gandotra/336
245 0 _aGRIS STATION GLADNI
260 _aJammu
_c2001
650 _aEE
942 _cTH
999 _c20
_d20